Candidats et résultat aux élections de 1848 en France - Statistiques

Statistiques générales
  • Ce quiz a été pris 27 fois
  • Le résultat moyen est 3 sur 5
Statistiques - réponses
Indice Réponse % Correct
74,31 % Louis-Napoléon Bonaparte
100%
0,28 % Lamartine
78%
19,61 % Cavaignac
61%
5,07 % Ledru-Rollin
52%
0,49 % Raspail
22%
Aucun quiz correspondant
Distribution des résultats
% des personnes avec chaque résultat
Percentile par nombre de réponses
Votre historique - résultats
Vous n’avez pas pris ce quiz